Statistics for Philadelphia 76ers 2020's Starters

Click here to take the quiz!

General Stats

  • This quiz has been taken 117 times
    (26 since last reset)
  • The average score is 9 of 14

Answer Stats

PlayerStarts% Correct
Joel Embiid5
100%
James Harden1
95%
Tobias Harris5
95%
Tyrese Maxey2
95%
Ben Simmons2
86%
Kelly Oubre Jr.1
73%
Nicolas Batum1
59%
P.J. Tucker1
59%
De'Anthony Melton1
55%
Al Horford1
36%
Matisse Thybulle1
36%
Seth Curry2
36%
Danny Green1
23%
Josh Richardson1
18%

Score Distribution

Percentile by Number Answered

Percent of People with Each Score

Your Score History

You have not taken this quiz since the last reset